000
00426nam a2200181Ia 4500
008
090124s9999 xx 000 0 und d
082
_b
103256
100
_a
लेले वि.गं.
245
_a
कळस
250
_a
1
260
_c
1950
300
_a
108
600
_a
लेले वि.गं.
630
_a
कळस
700
_a
लेले वि.गं.
730
_a
कळस
942
_c
BOOK
999
_c
149348
_d
149348